Fiscal policy measures in Egypt : (Record no. 26285)
[ view plain ]
| 000 -الفاتح | |
|---|---|
| حقل البيانات ثابتة الطول | 01166nam a22003375a 4500 |
| 003 - محدد رقم الضبط | |
| رقم الضبط | OSt |
| 005 - وقت وتاريخ اخر تعامل مع التسجيلة | |
| رقم الضبط | 20180312153846.0 |
| 008 - عناصر البيانات ثابتة الطول - معلومات عامة | |
| حقل البيانات ثابتة الطول | 180312s2000 ua frb 001 0 eng d |
| 017 ## - رقم الإيداع القانونى | |
| رقم الإيداع القانونى | 17314 / 00 |
| 020 ## - الرقم الدولى المعيارى للكتب | |
| الرقم الدولى المعيارى للكتاب | 9774246276 |
| 040 ## - مصدر الفهرسة | |
| وكالة الفهرسة الأصلية | EG-ScBUE |
| لغة الفهرسة | eng |
| وكالة النسخ | EG-ScBUE |
| 041 ## - رمز اللغة | |
| رمز لغة النص/ المسارات الصوتية أو العنوان الانفرادي | eng |
| رمز لغة الملخص / المستخلص / العنوان الفوقي أو الفرعي | ara |
| 043 ## - رمز المنطقة الجغرافية | |
| رمز المنطقة الجغرافية | f-ua--- |
| 082 04 - رقم تصنيف ديوى العشرى | |
| رقم التصنيف | 336.340962 |
| رقم المادة | ABD |
| رقم الطبعة | 22 |
| 100 1# - المدخل الرئيسى - إسم شخصى | |
| الإسم الشخصى | Abdel-Khalek, Gouda. |
| 245 10 - بيان العنوان | |
| العنوان | Fiscal policy measures in Egypt : |
| بقية العنوان | public debt and food subsidy / |
| بيان المسئوليه,etc | Gouda Abdel-Khalek, Karima Korayem. |
| 246 35 - العنوان الموازى | |
| عنوان صحيح/عنوان مختصر | إجراءات السياسة المالية في مصر : |
| بقية العنوان | الدين الداخلي والدعم الغذائي |
| 260 ## - PUBLICATION, DISTRIBUTION, ETC. (IMPRINT) | |
| مكان الناشر او الموزع | Cairo : |
| اسم الناشر او الموزع | The American University Press, |
| تاريخ النشر أو التوزيع | 2000. |
| 300 ## - الوصف المادى | |
| التعداد | 126 p. ; |
| أبعاد الوعاء | 20 cm. |
| 490 0# - بيان السلسلة | |
| عنوان السلسلة | Cairo papers in social science ; |
| رقم المجلد/ التعيين التسلسلي | 23 |
| 504 ## - تبصرة ببليوجرافية | |
| تبصرة ببليوجرافية,الخ | Includes bibliographical references and index. |
| 546 ## - تبصرة اللغة | |
| تبصرة اللغة | Text in English ; abstract in Arabic. |
| 650 #7 - المدخل الاضافى بالموضوع-مصطلح موضوعى | |
| مصطلح موضوعي أو اسم جغرافي كعنصر مدخل | Debts, Public |
| التقسيم الفرعي الجغرافي | Egypt. |
| مصدر الرأس أو المصطلح | BUEsh |
| 650 #7 - المدخل الاضافى بالموضوع-مصطلح موضوعى | |
| مصطلح موضوعي أو اسم جغرافي كعنصر مدخل | Debts, External |
| التقسيم الفرعي الجغرافي | Egypt. |
| مصدر الرأس أو المصطلح | BUEsh |
| 650 #7 - المدخل الاضافى بالموضوع-مصطلح موضوعى | |
| مصطلح موضوعي أو اسم جغرافي كعنصر مدخل | Fiscal policy |
| التقسيم الفرعي الجغرافي | Egypt. |
| مصدر الرأس أو المصطلح | BUEsh |
| 651 ## - المدخل الاضافى بالموضوع - اسم جغرافى | |
| مصدر الرأس أو المصطلح | BUEsh |
| 653 ## - مصطلح تكشيفى غير مقيد | |
| Resource For college | BAEPS, Economics |
| Arrived date list | March2018 |
| 655 ## - مصطلح تكشيفى-نوع/شكل | |
| التقسيم الفرعي الشكلي | Reading book |
| -- | 34232 |
| 700 1# - المدخل الاضافى - اسم شخصى | |
| الإسم الشخصى | Korayem, Karima. |
| 942 ## - عناصر المدخل الإضافي( كوها) | |
| مصدر التصنيف او مخطط الترفيف | Dewey Decimal Classification |
| حالة التراجع | حالة الفقد | مصدر التصنيف او خطة الترفيف | حالة تلف | ليس للاعارة | مجموعات كوها | المكان الدائم | المكان الحالي | موقع الترفيف | تاريخ الاكتساب | Source of acquisition | رقم الاستدعاء | الباركود | Date last seen | مُعار | نوع الوعاء |
|---|---|---|---|---|---|---|---|---|---|---|---|---|---|---|---|
| Dewey Decimal Classification | Baccah | Central Library | Central Library | First floor | 12/03/2018 | Purchase | 336.340962 ABD | 000046486 | 15/07/2025 | 15/03/2018 | Book - Borrowing | ||||
| Dewey Decimal Classification | Baccah | Central Library | Central Library | First floor | 12/03/2018 | Purchase | 336.340962 ABD | 000046485 | 15/07/2025 | Book - Borrowing | |||||
| Dewey Decimal Classification | Baccah | Central Library | Central Library | First floor | 12/03/2018 | Purchase | 336.340962 ABD | 000046483 | 15/07/2025 | 06/09/2018 | Book - Borrowing |